000 00516ntaaa2200181 4500
003 01
005 20251027202638.0
008 0714s1973 ag 01
040 _aAR-BaBN
_bspa
_cAR-BaBN
_eaacr
_dRIC
082 _a372.4 Ar1
100 _aAraujo, María I.
_925856
245 _aSemillita /
_cMaría I. Araujo, Martha M. Bacigalupo
260 _aBuenos Aires :
_bKapelusz,
_cc1959
300 _a97 p.
500 _aBAJA PATRIMONIAL POR OBSOLESCENCIA 20190405
700 _aBacigalupo, Martha M.
_925857
942 _cBK
999 _c21609
_d21609